Score 0/27 Timer 05:00
4 Plays Today
Clue Answer % Correct
The 'A' of U.A.E.ARAB
92.5%
Persia, nowadaysIRAN
86.4%
Famed lochNESS
82.8%
Lake that stretches from Toledo to BuffaloERIE
79.3%
Miley Cyrus hit 'Party in the ___'USA
76.3%
Stratford-upon-___AVON
71.9%
2016 Olympics city, informallyRIO
66.7%
Texas landmark to 'remember'ALAMO
66.1%
What Dubliners call their homelandEIRE
65.1%
About 1/4 of Sicily's population lives on its slopesETNA
64.8%
Muscat's landOMAN
63.5%
City that's home to the Viking Ship MuseumOSLO
62.9%
Eurasian boundaryURAL
57.6%
Home to Zion National ParkUTAH
57%
Clue Answer % Correct
Suffix meaning 'land' in some country namesSTAN
54.2%
Taj Mahal localeAGRA
47.3%
Sault ___ Marie, Mich.STE
45.2%
Locale of both the 2018 and 2020 OlympicsASIA
45%
Matterhorn or JungfrauALP
43%
So-called 'Biggest Little City in the World'RENO
42.4%
River that starts at PittsburghOHIO
40.7%
___ Andreas FaultSAN
34.9%
Iowa college townAMES
34.2%
Italian town known for sparkling wineASTI
31.9%
Yemeni port cityADEN
30.4%
___ Sea, now four lakesARAL
29.8%
Seat of Oklahoma's Garfield CountyENID
19%
Remove Ads.
Support Sporcle.
Get the best of Sporcle when you Go Orange. This ad-free experience offers more features, more stats, and more fun while also helping to support Sporcle. Thank you for becoming a member.

You're not logged in!

Compare scores with friends on all Sporcle quizzes.
OR
Log In

Show Comments

Extras

Top Quizzes Today


Score Distribution

Your Account Isn't Verified!

In order to create a playlist on Sporcle, you need to verify the email address you used during registration. Go to your Sporcle Settings to finish the process.

Report this User

Report this user for behavior that violates our Community Guidelines.

Details: